000 00553nam a2200181Ia 4500
003 OSt
005 20260225140218.0
008 221021s9999||||xx |||||||||||||| ||und||
020 _a471401420
040 _cChuka University Library
050 _aQA 276.12
_bP45 2003
100 _aPelosi, Marilyn K. and Theresa M. Sandifer.
_91297
245 0 _aElementary statistics: From discovery to decision
260 _aNew York
_bJohn Wiley and Sons
_c2003
300 _a793P
_bColored illustrations
650 _aElementary statistcs
_99169
942 _cBK
_2lcc
_02
999 _c1258
_d1258